000 02578ncm0a22004691 4500
001 RU\NLR\ONIZ\223563
005 20250626112524.0
010 _a5-85285-547-2
035 _aRU\NLR\ONIZ\natafirs\5000002594\20180507153631
035 _a(NLR Aleph) 011695344
090 _a11360991
_c11360991
100 _a20180507d2004 |||y0rusy50 ca
101 0 _aeng
_arus
102 _aRU
125 _aay
128 _aop
145 0 _au
200 1 _aРукопись М. И. Глинки "Первоначальный план оперы "Руслан и Людмила"
_bНоты
_dMikhail Glinka`s initial plan of the opera "Ruslan and Lyudmila"
_eФаксимиле. Расшифровка. Исследование
_fМ. Арановский
_zeng
210 _aМосква
_cКомпозитор
_d2004
215 _a140 с.
_cпортр., факс.
_d21х29 см
300 _aИзд. состоит из 4-х томов в коробе
300 _aНа тит. л. посвящ.: К 200-летию со дня рождения М. И. Глинки
313 _aСистематизация документа проведена по изданию - Методика классифицирования музыкальных произведений (нотных изданий) по таблицам Библиотечно-библиографических классификаций : метод. рекомендации / Гос. б-ка СССР им. В.И. Ленина.- М., 1977. Индексу ББК методических рекомендаций присваивается код ББК для научных библиотек - LBC/SL
500 0 0 _aРуслан и Людмила
_bопера
606 1 _aРусская опера
_yРоссия
_z19-21 вв.
_2nlr_sh
686 _aЩ971(28)факс
_vLBC/SL
_2rubbk
686 _aЩ93(28)-5
_vLBC/SL
_2rubbk
700 1 _9z01790
_aАрановский
_bМ. Г.
_f1928-2009
_gМарк Генрихович
_4070
_7ca
702 1 _9z02790
_aГлинка
_bМ. И.
_f1804-1857
_gМихаил Иванович
_4245
_7ca
790 1 _9z01700
_aAranovskij
_bM. G.
_f1928-2009
_gMark Genrihovich
_4070
_7ba
790 1 _9z02702
_aGlinka
_bM. I.
_f1804-1857
_gMichail Ivanovič
_4245
_7ba
801 0 _aRU
_bNLR
_c20180507
_gPSBO
801 1 _aRU
_bNLR
_c20180507
_2rusmarc
801 2 _aRU
_bNLR
_c20180507
852 _aNLR
_bМ
_j995/105
_p279631
_t1
852 _aNLR
_bМ
_p279632
_t2
852 _aNLR
_bМ
_p279633
_t3
852 _aNLR
_bМ
_p279634
_t4
942 _cSCORE
980 _aNB
980 _aONIZ